000 00399 a2200169 4500
001 46756
020 _a7898526012844
040 _cAnchieta - Aquarius
100 _aMachado, Ana Maria
240 1 0 _aO menino que espiava pra dentro
_lpor
245 1 0 _aO menino que espiava pra dentro
300 _a
362 0 _a2008
440 1 _aGlobal
650 4 _aLiteratura infanto-juvenil
942 _cBK
999 _c46756
_d46756